[Event "Titled Tue 27th May Late"]
[Site "chess.com INT"]
[Date "2025.05.27"]
[Round "3"]
[White "Shirov, Alexei"]
[Black "Horak, Martin"]
[Result "1-0"]
[WhiteTitle "GM"]
[BlackTitle "FM"]
[WhiteElo "2620"]
[BlackElo "2324"]
[WhiteFideId "2209390"]
[BlackFideId "367095"]
[EventDate "2025.05.27"]

1. e4 c5 2. Nf3 Nc6 3. Bb5 Nf6 4. Nc3 Qc7 5. O-O Nd4 6. Re1 a6 7. Bf1 d6 8. h3
e6 9. d3 Be7 10. Bf4 Nd7 11. Nxd4 cxd4 12. Ne2 e5 13. Bg3 O-O 14. c3 Qb6 15.
cxd4 exd4 16. Qb3 Qa7 17. Qd5 Nc5 18. Qxd4 Bf6 19. Qe3 Bxb2 20. Bxd6 Ne6 21.
Qxa7 Rxa7 22. Rab1 Rd8 23. Be7 Rd7 24. Rxb2 Rxe7 25. d4 b5 26. d5 Nc5 27. Rc1 1-0

[Event "Titled Tue 27th May Late"]
[Site "chess.com INT"]
[Date "2025.05.27"]
[Round "3"]
[White "Rabin, Evan"]
[Black "Krzywda, Andrzej"]
[Result "0-1"]
[BlackTitle "CM"]
[WhiteElo "1945"]
[BlackElo "2175"]
[WhiteFideId "2028670"]
[BlackFideId "1114565"]
[EventDate "2025.05.27"]

1. e4 c5 2. Nf3 d6 3. Bb5+ Bd7 4. Bxd7+ Nxd7 5. O-O Ngf6 6. Qe2 e6 7. c3 Be7 8.
d4 cxd4 9. cxd4 d5 10. e5 Ne4 11. Be3 O-O 12. Nbd2 Nxd2 13. Qxd2 Rc8 14. Rac1
Qb6 15. Rxc8 Rxc8 16. Rc1 Rc6 17. h4 h6 18. h5 Bb4 19. Qd1 Qc7 20. a3 Be7 21.
Nh2 Nb6 22. Rxc6 Qxc6 23. Qc1 Nc4 24. Nf1 Qb5 25. b4 Qa4 26. Nd2 Qxa3 27. Nxc4
Qxc1+ 28. Bxc1 dxc4 29. Bd2 b5 30. f4 Bd8 31. Kf2 Bb6 32. Ke3 f5 33. exf6 gxf6
34. Ke4 Kf7 35. f5 exf5+ 36. Kxf5 Bxd4 37. Bxh6 a5 38. bxa5 b4 39. Ke4 b3 40.
Bc1 c3 41. Kd3 b2 42. Bxb2 cxb2 43. Kc2 Kg7 44. a6 Kh6 45. a7 Bxa7 46. Kxb2 Kxh5
47. Kc2 Kg4 48. Kd3 Kg3 49. Ke4 Bb8 50. Kf5 Be5 0-1

[Event "Titled Tue 27th May Late"]
[Site "chess.com INT"]
[Date "2025.05.27"]
[Round "3"]
[White "Karamsetty, Jeevan"]
[Black "Jumabayev, Rinat"]
[Result "0-1"]
[WhiteTitle "FM"]
[BlackTitle "GM"]
[WhiteElo "2244"]
[BlackElo "2551"]
[WhiteFideId "2025337"]
[BlackFideId "13702661"]
[EventDate "2025.05.27"]

1. e4 c5 2. Nc3 e6 3. g3 d5 4. d3 Nc6 5. Bg2 Nf6 6. f4 dxe4 7. Nxe4 Be7 8. Ne2
O-O 9. Be3 Qc7 10. Nxf6+ Bxf6 11. Bxc5 Qa5+ 12. b4 Nxb4 13. Bxb4 Qxb4+ 14. c3
Bxc3+ 15. Nxc3 Qxc3+ 16. Kf2 Qd4+ 17. Kf1 Bd7 18. Bf3 Bb5 19. Be2 Rfd8 20. Rb1
a6 21. Kg2 Rac8 22. Re1 Rc3 23. Qd2 Bc6+ 24. Kh3 Rc5 25. Qb4 Qf2 26. Bf1 Rh5+
27. Kg4 Qf3# 0-1

[Event "Titled Tue 27th May Late"]
[Site "chess.com INT"]
[Date "2025.05.27"]
[Round "3"]
[White "Cori Quispe, Kevin Joel"]
[Black "Swara Lakshmi S Nair"]
[Result "1-0"]
[WhiteTitle "GM"]
[BlackTitle "WCM"]
[WhiteElo "2464"]
[BlackElo "2178"]
[WhiteFideId "3814017"]
[BlackFideId "25629239"]
[EventDate "2025.05.27"]

1. d4 Nf6 2. c4 g6 3. Nc3 d5 4. Nf3 Bg7 5. Bg5 O-O 6. h4 c5 7. dxc5 Qa5 8. Qd2
dxc4 9. Bxf6 Bxf6 10. e3 Rd8 11. Qc1 Qxc5 12. Nd2 Be6 13. Nde4 Qf5 14. Nxf6+
exf6 15. Be2 Nc6 16. O-O Ne5 17. e4 Nf3+ 18. Bxf3 Qe5 19. Nd5 Bxd5 20. exd5 b5
21. Re1 Qd6 22. a4 a6 23. Qc3 Qf4 24. Re4 Qf5 25. Rae1 Kg7 26. Re7 bxa4 27. g4
Qf4 28. g5 Rd6 29. R1e4 Qf5 30. Rxc4 Rad8 31. Rcc7 Rxd5 32. Rxf7+ Kg8 33. Bxd5
Rxd5 34. Rg7+ Kf8 35. Rcf7+ Ke8 36. Qc6+ Kd8 37. Rf8# 1-0

[Event "Titled Tue 27th May Late"]
[Site "chess.com INT"]
[Date "2025.05.27"]
[Round "3"]
[White "Garcia Hernandez, Rebeca"]
[Black "Holinka, Henning"]
[Result "0-1"]
[WhiteTitle "WCM"]
[BlackTitle "FM"]
[WhiteElo "1903"]
[BlackElo "2303"]
[WhiteFideId "5180872"]
[BlackFideId "12967084"]
[EventDate "2025.05.27"]

1. Nf3 b6 2. g3 Bb7 3. Bg2 e6 4. O-O f5 5. c4 Nf6 6. b3 Be7 7. Bb2 O-O 8. d4 c5
9. d5 exd5 10. Nh4 Ne4 11. Nxf5 Rxf5 12. cxd5 Rxd5 13. Qc2 Nf6 14. Nc3 Na6 15.
Nxd5 Bxd5 16. Bxf6 Bxg2 17. Bxe7 Qxe7 18. Kxg2 Nb4 19. Qd2 Re8 20. a3 Nc6 21. e3
Qe6 22. Qd3 Ne5 23. Qe4 d5 24. Qf4 Rf8 25. Qh4 Qf5 26. f4 Qe4+ 27. Kg1 Qxe3+ 28.
Kh1 Qe4+ 29. Kg1 Nf3+ 30. Rxf3 Qxf3 31. Qg5 Qe3+ 32. Kg2 Qe4+ 33. Kh3 d4 34. Rd1
Qe6+ 0-1

[Event "Titled Tue 27th May Late"]
[Site "chess.com INT"]
[Date "2025.05.27"]
[Round "3"]
[White "Zhu, Jiner"]
[Black "Demchenko, Yaroslav"]
[Result "1-0"]
[WhiteTitle "GM"]
[BlackTitle "CM"]
[WhiteElo "2541"]
[BlackElo "2286"]
[WhiteFideId "8608059"]
[BlackFideId "14186667"]
[EventDate "2025.05.27"]

1. Nf3 d5 2. e3 e6 3. c4 Nf6 4. b3 b6 5. Bb2 Bb7 6. Nc3 Bd6 7. d4 O-O 8. Bd3 Ne4
9. O-O Nd7 10. Qc2 f5 11. cxd5 exd5 12. Nb5 c6 13. Nxd6 Nxd6 14. Ba3 c5 15. dxc5
bxc5 16. Bxc5 Rc8 17. b4 Ne4 18. Bxe4 fxe4 19. Nd4 Rf6 20. Rac1 Rg6 21. Qd2 Qg5
22. f4 exf3 23. Rxf3 Ne5 24. Rg3 Qh5 25. Rxg6 Qxg6 26. Bxa7 Nc4 27. Qf2 Rf8 28.
Qg3 Qd3 29. Ne6 Rf7 30. Bd4 Qd2 31. Qb8+ 1-0

[Event "Titled Tue 27th May Late"]
[Site "chess.com INT"]
[Date "2025.05.27"]
[Round "3"]
[White "Maglioni, Leonardo"]
[Black "Sukandar, Irine Kharisma"]
[Result "0-1"]
[BlackTitle "IM"]
[WhiteElo "2069"]
[BlackElo "2330"]
[WhiteFideId "2896830"]
[BlackFideId "7101937"]
[EventDate "2025.05.27"]

1. d4 Nf6 2. Bf4 d5 3. e3 c5 4. c3 Nc6 5. Nd2 g6 6. Ngf3 cxd4 7. exd4 Bg7 8. h3
O-O 9. Be2 Nh5 10. Bh2 Bh6 11. O-O Nf4 12. Bxf4 Bxf4 13. Bd3 Bc7 14. Re1 f6 15.
Qb3 Kg7 16. a4 e5 17. dxe5 fxe5 18. Bb5 e4 19. Nd4 Nxd4 20. cxd4 Qg5 21. Qe3 Bf4
22. Nxe4 Bxe3 23. Nxg5 Bxg5 24. g3 Bf6 25. Rad1 Bxh3 26. Be2 Rae8 27. Bf3 Rxe1+
28. Rxe1 Bxd4 29. Rd1 Rxf3 30. Rxd4 Be6 31. Rb4 Rf7 32. f4 Rc7 33. Kf2 Kf6 34.
Ke3 Kf5 35. Kf3 h5 36. Rd4 Rc4 37. Rd3 d4 38. Rb3 Bd5+ 39. Ke2 Rxa4 40. Rb5 Ke4
41. Rc5 Rb4 42. Rc7 Rxb2+ 43. Kd1 Kd3 0-1

[Event "Titled Tue 27th May Late"]
[Site "chess.com INT"]
[Date "2025.05.27"]
[Round "3"]
[White "Ozcan, Kaan"]
[Black "Onyshchuk, Volodymyr"]
[Result "0-1"]
[WhiteTitle "FM"]
[BlackTitle "GM"]
[WhiteElo "2230"]
[BlackElo "2602"]
[WhiteFideId "34566422"]
[BlackFideId "14114038"]
[EventDate "2025.05.27"]

1. d4 d6 2. e4 g6 3. Nc3 Bg7 4. Be3 a6 5. Qd2 b5 6. f4 Bb7 7. a3 Nf6 8. Bd3 Ng4
9. Nge2 Nxe3 10. Qxe3 Nd7 11. O-O-O c5 12. dxc5 Nxc5 13. h4 Qb6 14. Kb1 b4 15.
axb4 Qxb4 16. e5 Bxg2 17. Rhg1 Rb8 18. Kc1 Bc6 19. exd6 O-O 20. dxe7 Rfe8 21.
Kd2 Rxe7 22. Qxe7 Nb3+ 23. cxb3 Qxe7 24. Kc2 Qxh4 25. Nc1 Qf2+ 26. Kb1 a5 27.
Rgf1 Qc5 28. Bc4 a4 29. f5 Bxc3 30. fxg6 Bg7 31. Rxf7 Kh8 32. Rf3 Bxf3 0-1

[Event "Titled Tue 27th May Late"]
[Site "chess.com INT"]
[Date "2025.05.27"]
[Round "3"]
[White "Kuznetsov, Felix"]
[Black "Distaso, Antonio Pio"]
[Result "1-0"]
[WhiteTitle "FM"]
[WhiteElo "2170"]
[BlackElo "2253"]
[WhiteFideId "34147990"]
[BlackFideId "805548"]
[EventDate "2025.05.27"]

1. e4 c5 2. Nf3 e6 3. d4 cxd4 4. Nxd4 Nc6 5. Nb5 d6 6. c4 Nf6 7. N1c3 a6 8. Na3
b6 9. Be2 Bb7 10. O-O Be7 11. Be3 O-O 12. Rc1 Ne5 13. f4 Ng6 14. Qd3 Qc7 15. g3
Rac8 16. Bf3 Rfd8 17. Qc2 Nd7 18. Qf2 Nc5 19. Rfd1 Bf6 20. Nab1 Bc6 21. b4 Nd7
22. Nd5 exd5 23. cxd5 Qb7 24. dxc6 Rxc6 25. Rxc6 Qxc6 26. e5 Qa4 27. exf6 Nxf6
28. Qb2 d5 29. Nc3 Qe8 30. Bxb6 Rb8 31. Bd4 Ne4 32. Nxd5 a5 33. Bxg7 axb4 34.
Bxe4 Qxe4 35. Nf6+ 1-0

[Event "Titled Tue 27th May Late"]
[Site "chess.com INT"]
[Date "2025.05.27"]
[Round "3"]
[White "Plat, Vojtech"]
[Black "Gomez Gonzales, Fabiana"]
[Result "1-0"]
[WhiteTitle "GM"]
[BlackTitle "WCM"]
[WhiteElo "2482"]
[BlackElo "1843"]
[WhiteFideId "325740"]
[BlackFideId "3860191"]
[EventDate "2025.05.27"]

1. e4 d5 2. exd5 Qxd5 3. Nf3 c6 4. Nc3 Qa5 5. d4 Nf6 6. Be2 Bg4 7. O-O Nbd7 8.
Ne5 Nxe5 9. dxe5 Rd8 10. Bd2 Bxe2 11. Qxe2 Nd7 12. e6 fxe6 13. Qxe6 Qe5 14. Qh3
Nf6 15. Rad1 Qh5 16. Qe6 Qg4 17. Qb3 b5 18. Be3 Rxd1 19. Rxd1 a6 20. h3 Qc8 21.
Ne2 e6 22. Nd4 Nd5 23. c4 bxc4 24. Qxc4 Kd7 25. Nxe6 Bd6 26. Qg4 h5 27. Nc5+ Kc7
28. Qxg7+ 1-0

[Event "Titled Tue 27th May Late"]
[Site "chess.com INT"]
[Date "2025.05.27"]
[Round "3"]
[White "Haussernot, Cecile"]
[Black "Mata Gonzalez, Jose Fernando"]
[Result "1-0"]
[WhiteTitle "WIM"]
[BlackTitle "CM"]
[WhiteElo "2108"]
[BlackElo "2164"]
[WhiteFideId "601632"]
[BlackFideId "5107423"]
[EventDate "2025.05.27"]

1. e4 e5 2. Nf3 Nc6 3. Bb5 a6 4. Ba4 Nf6 5. d3 b5 6. Bb3 Be7 7. a4 Bb7 8. O-O d6
9. Nc3 b4 10. Ne2 Na5 11. Ba2 b3 12. cxb3 c5 13. b4 cxb4 14. d4 Bxe4 15. Ng3
Bxf3 16. Qxf3 O-O 17. Nf5 b3 18. Bb1 e4 19. Qg3 g6 20. Bg5 d5 21. f3 Re8 22.
Nxe7+ Qxe7 23. fxe4 Nxe4 24. Bxe4 Qxe4 25. Qc7 Qxd4+ 26. Kh1 Nc4 27. Qxf7+ Kh8
28. Bf6+ 1-0

[Event "Titled Tue 27th May Late"]
[Site "chess.com INT"]
[Date "2025.05.27"]
[Round "3"]
[White "Bian, Alex"]
[Black "Lisenkov, Svyatoslav"]
[Result "0-1"]
[WhiteTitle "FM"]
[BlackTitle "CM"]
[WhiteElo "2342"]
[BlackElo "2241"]
[WhiteFideId "2056372"]
[BlackFideId "34264183"]
[EventDate "2025.05.27"]

1. e4 c5 2. Nf3 d6 3. d4 cxd4 4. Nxd4 Nf6 5. Nc3 a6 6. Bg5 e6 7. f4 Be7 8. Qf3
Qc7 9. O-O-O Nbd7 10. f5 e5 11. Nb3 b5 12. Bxf6 Nxf6 13. g4 b4 14. Ne2 Bb7 15.
Ng3 g5 16. Be2 Rc8 17. Rd2 d5 18. Bd3 a5 19. Re1 a4 20. Bb5+ Kf8 21. Bxa4 dxe4
22. Qe3 Nd5 23. Qe2 e3 24. Rxd5 Bxd5 25. Rd1 Bf3 26. Rd7 Bxe2 27. Rxc7 Rxc7 28.
Nxe2 Kg7 29. Ng3 Ra8 30. Bb5 Rxa2 31. Bd3 f6 32. Nf1 Bc5 33. Nxc5 Ra1# 0-1

[Event "Titled Tue 27th May Late"]
[Site "chess.com INT"]
[Date "2025.05.27"]
[Round "3"]
[White "Zhukovskyi, Oleksandr"]
[Black "Mendes Aaron Reeve"]
[Result "0-1"]
[WhiteTitle "CM"]
[BlackTitle "IM"]
[WhiteElo "2153"]
[BlackElo "2335"]
[WhiteFideId "14169371"]
[BlackFideId "25954938"]
[EventDate "2025.05.27"]

1. b3 c5 2. Bb2 Nc6 3. e3 e5 4. c4 d5 5. cxd5 Qxd5 6. Nc3 Qd8 7. Nf3 Bd6 8. Bb5
Bd7 9. Ne4 Be7 10. d4 cxd4 11. O-O f5 12. Bxc6 Bxc6 13. Nxe5 Bxe4 14. Qh5+ g6
15. Nxg6 Nf6 16. Qh6 Rg8 17. Nf4 Qb6 18. Bxd4 Qd6 19. Rfd1 Rc8 20. Rac1 Rc6 21.
Bxa7 Qd2 22. Ra1 Qxf2+ 23. Kxf2 Ng4+ 24. Ke1 Nxh6 0-1

[Event "Titled Tue 27th May Late"]
[Site "chess.com INT"]
[Date "2025.05.27"]
[Round "3"]
[White "Moreira, Ronaldo Alonso"]
[Black "Ferreira, Vitor Hugo Vieira"]
[Result "0-1"]
[WhiteElo "2097"]
[BlackElo "2128"]
[WhiteFideId "2110547"]
[BlackFideId "2119765"]
[EventDate "2025.05.27"]

1. d4 Nf6 2. c4 g6 3. Nc3 Bg7 4. e4 O-O 5. Nf3 d6 6. h3 e5 7. d5 a5 8. Be3 Na6
9. g4 Nc5 10. Nd2 Ne8 11. Rg1 Kh8 12. Qf3 f5 13. gxf5 gxf5 14. Bg5 Nf6 15. exf5
e4 16. Ndxe4 Ncxe4 17. Nxe4 Qe8 18. Bxf6 Rxf6 19. O-O-O Rxf5 20. Qg2 Qe5 21. Nc3
Bh6+ 22. Kb1 Rg5 23. Qh1 Bf5+ 24. Bd3 Bxd3+ 25. Rxd3 Qf5 26. Rd1 Rag8 27. Qe4
Qxf2 28. R1d2 Rg1+ 29. Kc2 Bxd2 30. Rxd2 Qf6 31. Qe3 R1g2 32. Ne4 Rxd2+ 33. Nxd2
b6 34. Ne4 Qe5 0-1

[Event "Titled Tue 27th May Late"]
[Site "chess.com INT"]
[Date "2025.05.27"]
[Round "3"]
[White "Navoyan, Gagik"]
[Black "Makarian, Rudik"]
[Result "1-0"]
[WhiteTitle "CM"]
[BlackTitle "IM"]
[WhiteElo "2186"]
[BlackElo "2532"]
[WhiteFideId "13314866"]
[BlackFideId "44105681"]
[EventDate "2025.05.27"]

1. e4 c5 2. g3 g6 3. Bg2 Bg7 4. Ne2 Nc6 5. c3 e5 6. O-O Nge7 7. f4 d6 8. d3 O-O
9. Nd2 Kh8 10. Nf3 f5 11. Be3 b6 12. Qd2 Be6 13. Rfd1 Qd7 14. Ng5 Bg8 15. d4
cxd4 16. cxd4 exf4 17. Nxf4 fxe4 18. d5 Ne5 19. Nfe6 Nf5 20. Nxf8 Rxf8 21. Qe2
Nf3+ 22. Kh1 Bh6 23. Ne6 1-0

[Event "Titled Tue 27th May Late"]
[Site "chess.com INT"]
[Date "2025.05.27"]
[Round "3"]
[White "Avila Bautista, Roberto Al"]
[Black "Do Carmo, Gabriel Carckeno"]
[Result "1-0"]
[WhiteTitle "FM"]
[WhiteElo "2306"]
[BlackElo "2021"]
[WhiteFideId "5119987"]
[BlackFideId "22783024"]
[EventDate "2025.05.27"]

1. c4 c5 2. Nf3 Nc6 3. g3 e5 4. Bg2 g6 5. O-O Bg7 6. Nc3 Nge7 7. b3 O-O 8. Bb2
d6 9. e3 Be6 10. d4 exd4 11. exd4 Nxd4 12. Nxd4 cxd4 13. Nb5 Nc6 14. Nxd4 Nxd4
15. Bxd4 Bxd4 16. Qxd4 Qc7 17. Rfd1 Rfd8 18. h4 a5 19. h5 gxh5 20. Qf6 Qc5 21.
Bd5 Re8 22. Rd3 a4 23. Rad1 axb3 24. axb3 Ra2 25. Rf3 Qc8 26. Rd4 Re2 27. Rdf4
Bxd5 28. cxd5 R2e7 29. Rf5 Qc1+ 30. Kg2 1-0

[Event "Titled Tue 27th May Late"]
[Site "chess.com INT"]
[Date "2025.05.27"]
[Round "3"]
[White "Spitzl, Vinzent"]
[Black "Arya G Mallar"]
[Result "1-0"]
[WhiteTitle "FM"]
[BlackTitle "WCM"]
[WhiteElo "2355"]
[BlackElo "2014"]
[WhiteFideId "12901253"]
[BlackFideId "25115324"]
[EventDate "2025.05.27"]

1. d3 d5 2. Nf3 Nf6 3. g3 g6 4. Bg2 Bg7 5. O-O O-O 6. Nc3 c5 7. e4 d4 8. Ne2 Nc6
9. Ng5 e5 10. f4 Bg4 11. h3 Bd7 12. f5 Qc8 13. g4 b5 14. Qe1 c4 15. Qh4 cxd3 16.
cxd3 Nb4 17. fxg6 fxg6 18. Bd2 Nxd3 19. Rf3 Nc5 20. Rxf6 Rxf6 21. Qxh7+ Kf8 22.
Rc1 Rc6 23. Rf1+ Rf6 24. Rxf6+ Bxf6 25. Qf7# 1-0

[Event "Titled Tue 27th May Late"]
[Site "chess.com INT"]
[Date "2025.05.27"]
[Round "3"]
[White "Donchenko, Alexander"]
[Black "Denishev, Marat"]
[Result "1-0"]
[WhiteTitle "GM"]
[BlackTitle "FM"]
[WhiteElo "2615"]
[BlackElo "2111"]
[WhiteFideId "24603295"]
[BlackFideId "24131563"]
[EventDate "2025.05.27"]

1. d4 Nf6 2. c4 e6 3. g3 d5 4. Bg2 Bb4+ 5. Nd2 O-O 6. Nf3 c6 7. O-O b6 8. Qc2
Bb7 9. e4 Nbd7 10. e5 Ne8 11. cxd5 cxd5 12. a3 Be7 13. Re1 Rc8 14. Qd1 Qc7 15.
Bf1 Qc2 16. Qxc2 Rxc2 17. Bd3 Rc8 18. Nb1 Nc7 19. Nc3 Ba6 20. Bxa6 Nxa6 21. Nb5
Ra8 22. Bg5 Bxg5 23. Nxg5 Rfc8 24. Rac1 h6 25. Nf3 Kf8 26. Kf1 Ke7 27. Ke2 f6
28. exf6+ gxf6 29. Kd2 Rxc1 30. Rxc1 e5 31. Nh4 exd4 32. Nf5+ Kf7 33. b4 Ne5 34.
f4 Nc4+ 35. Kd3 Kg6 36. Ne7+ Kh5 37. Nxd5 Nb2+ 38. Kxd4 Kg4 39. Rc2 Na4 40.
Nxf6+ Kh3 41. f5 Rd8+ 42. Nd5 Nb8 43. Nxa7 Nd7 44. Nc6 Rf8 45. Rf2 Kg4 46. f6
Rf7 47. Ne5+ Nxe5 48. Kxe5 1-0

[Event "Titled Tue 27th May Late"]
[Site "chess.com INT"]
[Date "2025.05.27"]
[Round "3"]
[White "Fomevor, Cephas Clinton"]
[Black "Bratovic, Blaz"]
[Result "0-1"]
[WhiteTitle "CM"]
[BlackTitle "IM"]
[WhiteElo "1883"]
[BlackElo "2319"]
[WhiteFideId "12601330"]
[BlackFideId "14603551"]
[EventDate "2025.05.27"]

1. d4 f5 2. c4 Nf6 3. Nc3 e6 4. g3 d5 5. cxd5 exd5 6. Bg2 c6 7. Nh3 Bd6 8. O-O
O-O 9. Ng5 h6 10. Nf3 Be6 11. Bf4 Bxf4 12. gxf4 Nbd7 13. e3 Kh8 14. Ne5 Rg8 15.
f3 g5 16. fxg5 Rxg5 17. Kh1 Qe7 18. Bh3 Rag8 19. Qe2 f4 20. Bxe6 Rg2 21. Qxg2
Rxg2 22. Kxg2 Qxe6 23. exf4 Nh5 24. Ne2 Nf8 25. Kh1 Ng6 26. Nxg6+ Qxg6 27. Rg1
Qd3 28. Nc3 Qxf3+ 29. Rg2 Nxf4 30. Rg1 h5 31. h3 Qxh3+ 32. Rh2 Qf3+ 33. Rhg2 h4
34. Kh2 Qh3# 0-1

[Event "Titled Tue 27th May Late"]
[Site "chess.com INT"]
[Date "2025.05.27"]
[Round "3"]
[White "Veiga, Jose Francisco R P Neves"]
[Black "Asish Panda"]
[Result "1-0"]
[WhiteTitle "IM"]
[WhiteElo "2389"]
[BlackElo "1911"]
[WhiteFideId "1930087"]
[BlackFideId "45012458"]
[EventDate "2025.05.27"]

1. e4 e6 2. b3 d5 3. Bb2 Nf6 4. e5 Nfd7 5. Nf3 c5 6. c3 Nc6 7. d4 g6 8. Bd3 Bg7
9. O-O O-O 10. Re1 cxd4 11. cxd4 h6 12. Nc3 f5 13. exf6 Qxf6 14. Ne2 Nb6 15. Ng3
Bd7 16. Qd2 Rae8 17. Re3 h5 18. h4 Bh6 19. Ng5 Bxg5 20. hxg5 Qxg5 21. Rae1 h4
22. Nf1 Qf6 23. Nh2 Nc8 24. Rf3 Qg7 25. Rh3 Nd6 26. Rxh4 Nf5 27. Rg4 Qf6 28. Nf3
a5 29. a3 Kg7 30. Ne5 Nxe5 31. dxe5 Qd8 32. Rg5 Bc6 33. Qf4 d4 34. Qg4 1-0

[Event "Titled Tue 27th May Late"]
[Site "chess.com INT"]
[Date "2025.05.27"]
[Round "3"]
[White "Gabrielian, Artur"]
[Black "Srinath, Rao S.V."]
[Result "1-0"]
[WhiteTitle "GM"]
[BlackTitle "IM"]
[WhiteElo "2419"]
[BlackElo "2299"]
[WhiteFideId "4131002"]
[BlackFideId "5028876"]
[EventDate "2025.05.27"]

1. Nf3 Nf6 2. g3 g6 3. Bg2 Bg7 4. c4 O-O 5. d4 d6 6. Nc3 Nc6 7. d5 Na5 8. b3 c5
9. Bb2 a6 10. O-O Rb8 11. Qd2 b5 12. cxb5 axb5 13. Rfe1 b4 14. Na4 Bd7 15. e4
Bxa4 16. bxa4 Nc4 17. Qe2 Nxb2 18. Qxb2 Nxd5 19. e5 Nc3 20. Qc2 Qa5 21. h4 Qxa4
22. Qd2 dxe5 23. Nxe5 Rbd8 24. Qe3 Qc2 25. Nc6 Rd2 26. Nxe7+ Kh8 27. Nc6 Nd1 28.
Qe7 Rxf2 29. Be4 Nc3 30. Bxc2 Rxc2 31. Ne5 Ne2+ 32. Rxe2 Rxe2 33. Nxf7+ Rxf7 34.
Qxf7 1-0

[Event "Titled Tue 27th May Late"]
[Site "chess.com INT"]
[Date "2025.05.27"]
[Round "3"]
[White "Galchenko, Matvey"]
[Black "Rosen, Eric"]
[Result "1-0"]
[WhiteTitle "IM"]
[BlackTitle "IM"]
[WhiteElo "2442"]
[BlackElo "2377"]
[WhiteFideId "24175480"]
[BlackFideId "2032562"]
[EventDate "2025.05.27"]

1. f4 d5 2. Nf3 g6 3. g3 Bg7 4. Bg2 Nh6 5. O-O O-O 6. d3 c6 7. Nc3 Bg4 8. e4 Qc8
9. Qe2 d4 10. Nd1 Bh3 11. Nf2 Bxg2 12. Kxg2 c5 13. h3 Nc6 14. g4 f6 15. Nh1 Nf7
16. Ng3 b5 17. f5 Nce5 18. Nxe5 Nxe5 19. Bf4 c4 20. h4 Qc6 21. Bxe5 fxe5 22. g5
Rac8 23. Rf2 Rf7 24. Raf1 Rcf8 25. h5 a5 26. Kh2 a4 27. Qg4 cxd3 28. cxd3 a3 29.
b3 Qc3 30. Qe2 b4 31. Kg1 Qc6 32. hxg6 hxg6 33. Rh2 Rc8 34. Qg4 Qc3 35. fxg6
Rxf1+ 36. Nxf1 Qe1 37. Qe6+ Kf8 38. Qf7# 1-0

[Event "Titled Tue 27th May Late"]
[Site "chess.com INT"]
[Date "2025.05.27"]
[Round "3"]
[White "Romero Ruscalleda, Josep"]
[Black "Tekeyev, Zaur"]
[Result "0-1"]
[WhiteTitle "FM"]
[BlackTitle "IM"]
[WhiteElo "2110"]
[BlackElo "2417"]
[WhiteFideId "2231859"]
[BlackFideId "4199731"]
[EventDate "2025.05.27"]

1. e4 e5 2. Nf3 Nc6 3. Bc4 Bc5 4. c3 Nf6 5. d4 exd4 6. e5 d5 7. Bb5 Ne4 8. Nxd4
Bd7 9. Bxc6 bxc6 10. O-O Bb6 11. Be3 c5 12. Nf3 Be6 13. Nbd2 Nxd2 14. Qxd2 O-O
15. Bg5 Qd7 16. h3 d4 17. Kh2 Bd5 18. Qf4 c6 19. Rfd1 f6 20. Bh6 gxh6 21. Nh4
Bc7 22. Qxh6 fxe5 23. c4 Bxc4 24. Rac1 Bd5 25. Rxc5 Rxf2 26. Kg1 Raf8 27. Re1
Qg7 0-1

[Event "Titled Tue 27th May Late"]
[Site "chess.com INT"]
[Date "2025.05.27"]
[Round "3"]
[White "Chelly, Yahya"]
[Black "Hoeffer, David"]
[Result "0-1"]
[WhiteTitle "CM"]
[BlackTitle "FM"]
[WhiteElo "2039"]
[BlackElo "2295"]
[WhiteFideId "5516200"]
[BlackFideId "24606766"]
[EventDate "2025.05.27"]

1. d4 Nf6 2. c4 c5 3. dxc5 e6 4. Nf3 Bxc5 5. e3 O-O 6. Be2 d5 7. O-O Nc6 8. a3
a5 9. Nc3 b6 10. cxd5 exd5 11. Nb5 Re8 12. Qc2 Bg4 13. Rd1 Rc8 14. Bd2 Ne5 15.
Bc3 Nxf3+ 16. Bxf3 Bxf3 17. gxf3 Qd7 18. Nd4 Qh3 19. Qf5 Qh4 20. Ne2 Rc6 21. Nf4
Rxe3 22. Bxf6 Re1+ 23. Rxe1 Qxf2+ 24. Kh1 Qxf3+ 25. Ng2 Qxf5 26. Re8+ Bf8 27.
Bc3 Rc8 28. Rxc8 Qxc8 29. Rg1 Qf5 30. Nh4 Qe4+ 31. Ng2 h5 0-1

[Event "Titled Tue 27th May Late"]
[Site "chess.com INT"]
[Date "2025.05.27"]
[Round "3"]
[White "Hartge, Gedeon"]
[Black "Tarnowska, Aleksandra"]
[Result "1-0"]
[WhiteTitle "FM"]
[BlackTitle "WCM"]
[WhiteElo "2328"]
[BlackElo "1882"]
[WhiteFideId "12932116"]
[BlackFideId "1180967"]
[EventDate "2025.05.27"]

1. e4 c5 2. Nc3 e6 3. Nf3 a6 4. g3 Qc7 5. Bg2 Nc6 6. O-O Nf6 7. Re1 d6 8. d4
cxd4 9. Nxd4 Nxd4 10. Qxd4 Be7 11. h3 O-O 12. Be3 Bd7 13. Rad1 Bc6 14. f4 Rfd8
15. Qb6 Qxb6 16. Bxb6 Rdc8 17. Rd2 h6 18. Nd1 Bd7 19. c3 Bc6 20. Nf2 Nh5 21. Kh2
Kh7 22. Red1 Bb5 23. Ba5 Rab8 24. Bb4 Rc7 25. Bxd6 Bxd6 26. Rxd6 Ba4 27. R1d2
Bc6 28. e5 Bxg2 29. Kxg2 a5 30. Kf3 a4 31. g4 g6 32. gxh5 gxh5 33. Ne4 a3 34.
Nf6+ Kg7 35. Rg2+ Kh8 36. Rd7 Rbc8 37. Rxc7 Rd8 38. Rxf7 axb2 39. Rh7# 1-0

[Event "Titled Tue 27th May Late"]
[Site "chess.com INT"]
[Date "2025.05.27"]
[Round "3"]
[White "Leiva, Gianmarco"]
[Black "Moroni, Luca Jr"]
[Result "0-1"]
[WhiteTitle "IM"]
[BlackTitle "GM"]
[WhiteElo "2387"]
[BlackElo "2546"]
[WhiteFideId "3804399"]
[BlackFideId "865834"]
[EventDate "2025.05.27"]

1. e4 g6 2. d4 Bg7 3. c3 d6 4. Nf3 Nf6 5. Bd3 O-O 6. O-O Nc6 7. h3 e5 8. Re1 Nh5
9. Bf1 h6 10. Na3 Qf6 11. Nb5 Qe7 12. d5 Nd8 13. c4 a6 14. Nc3 b6 15. b4 a5 16.
bxa5 Rxa5 17. a4 Nb7 18. Ba3 Bd7 19. Bb4 Ra7 20. Nb5 Bxb5 21. axb5 Rfa8 22. Rxa7
Rxa7 23. Qc2 Qd8 24. Rb1 Qa8 25. Ne1 Bf6 26. Bd2 Bg5 27. Bxg5 hxg5 28. Nd3 Nf4
29. Nb4 Nc5 30. g3 Nh5 31. Bg2 Ra1 32. Na6 Ra5 33. Nxc7 Qc8 34. Na6 Nxa6 35.
bxa6 Rxa6 36. Qc1 g4 37. hxg4 Qxg4 38. Qe3 Nf6 39. Bf3 Qh3 40. Rxb6 Ra1+ 0-1